000 00297nam a22001217a 4500
040 _cHS
082 _a664
100 _aBRUCE R.D' ARCY
245 _aFood chemistry a practical manual
260 _aA university of queensland publication 2006
_bBRUCE R.D' ARCY
_c2006
300 _a56p.
942 _cEK
999 _c8638
_d8638